El Nuevo Concordato Español / (Record no. 108443)

MARC details
000 -LEADER
campo de control de longitud fija 00785nam a2200193 4500
001 - NÚMERO DE CONTROL
campo de control 108443
003 - IDENTIFICADOR DE NÚMERO DE CONTROL
campo de control ES-MaACL
005 - FECHA Y HORA DE LA ÚLTIMA TRANSACCIÓN
campo de control 20260127062535.0
007 - CAMPO FIJO DE DESCRIPCIÓN FÍSICA--INFORMACIÓN GENERAL
campo de control de longitud fija t|
008 - DATOS DE LONGITUD FIJA--INFORMACIÓN GENERAL
campo de control de longitud fija 061121s1954 sp r ||||1| spa d
100 1# - ENTRADA PRINCIPAL--NOMBRE DE PERSONA
Nombre de persona Montero Gutiérrez, Eloy.
9 (RLIN) 82525
245 13 - MENCIÓN DEL TÍTULO
Título El Nuevo Concordato Español /
Mención de responsabilidad, etc. Discurso leído por el Excm. Sr. D. Eloy Montero Gutiérrez en la sesión pública de 20 de enero de 1954 inaugural del año académico de 1953 a 1954.
260 ## - PUBLICACIÓN, DISTRIBUCIÓN, ETC.
Lugar de publicación, distribución, etc. Madrid :
Nombre del editor, distribuidor, etc. [s.n.],
Fecha de publicación, distribución, etc. 1954 (
Fabricante Imp. Vdª de Galo Sèz)
300 ## - DESCRIPCIÓN FÍSICA
Extensión 190 p. ;
Dimensiones 23 cm.
500 ## - NOTA GENERAL
Nota general Precede al tít.: Real Academia de Jurisprudencia y Legislación.
700 ## - ENTRADA AGREGADA--NOMBRE PERSONAL
Nombre de persona Real Academia de Jurisprudencia y Legislación de España
9 (RLIN) 217612
852 ## - LOCALIZACIÓN
Ubicación ES-MaACL
Número de control de estantería C-6511
Sublocalización o colección R.35737
Holdings
Estatus retirado Estado de pérdida Estado de daño No para préstamo Biblioteca de origen Biblioteca actual Ubicación en estantería Fecha de adquisición Fuente de adquisición Total de préstamos Signatura topográfica completa Código de barras Visto por última vez Precio de reemplazo Tipo de ítem Koha
        Biblioteca del Ateneo de Madrid Biblioteca del Ateneo de Madrid Sala Palomar 17/01/2008     C-6511 1113158 23/02/2023 23/02/2023 Libro impreso